000
00341nam a2200145Ia 4500
008
150201s2010 xx 000 0 und d
082
_a
617.632
_b
C2010M
100
_a
MADHAVI CHANDRA
245
_a
CLINICAL PERIODONTICS
250
_a
1ST
260
_b
AITBS
_a
DELHI
_c
2010
300
_a
1-284
650
_a
PERIODONTICS
942
_2
ddc
_c
BK
_0
1
999
_c
4533
_d
4533